| 000 | 00000nam##2200000za#4500 |
| 001 | 9.663205 |
| 003 | CaOODSP |
| 005 | 20210615120937 |
| 007 | ta |
| 008 | 150407|2001||||xxc||||| f|0| 0 eng|d |
| 020 | |a0-662-66074-9 |
| 040 | |aCaOODSP|beng |
| 041 | |aeng |
| 041 | |afre |
| 043 | |an-cn--- |
| 086 | 1 |aC2-592/2001 |
| 110 | 1 |aCanada. |bIndustry Canada. |
| 245 | 10|aCanadian Consumer Information Gateway |
| 260 | |aOttawa - Ontario : |bIndustry Canada |c2001. |
| 546 | |aBilingual |
| 563 | |aPamphlet |
| 590 | |a02-02|b2002-01-11 |
| 690 | 07|aConsumer protection|2gcpds |
| 690 | 07|aWeb sites|2gcpds |
| 792 | |tPasserelle d'information pour le consommateur canadien |efre|w(CaOODSP)9.663206 |